| 000 | 01910nam a22004337a 4500 | ||
|---|---|---|---|
| 003 | CHAP | ||
| 005 | 20220329141123.0 | ||
| 008 | 971010s1972 r 00010 d | ||
| 010 | _a62908 | ||
| 011 | _a63880 | ||
| 035 | _a68503 | ||
| 040 | _cCHAP | ||
| 082 | 0 | 4 |
_a581.13 _bR5y 1971 |
| 100 | 0 | 0 |
_aRichter, Gerhard. _997302 |
| 245 | 1 |
_aFisiología del metabolismo de las plantas _b: una introducción a la fisiología y bioquímica del metabolismo primario |
|
| 260 |
_aMéxico, D.F. : _bCECSA, _c1972 |
||
| 300 |
_a417 p. _b: ilus. ; gráfs. |
||
| 500 | _aTrad. de: Stoffwechsel phisiologie der pflanzen 2 ed. de 1971 | ||
| 590 |
_aBATCH-UPD _b10 _c20130109 _lUCH01 _h2315 |
||
| 590 |
_aBATCH-UPD _b10 _c20130110 _lUCH01 _h1648 |
||
| 590 |
_aBATCH-UPD _b10 _c20130410 _lUCH01 _h1037 |
||
| 590 |
_aBATCH-UPD _b10 _c20130914 _lUCH01 _h1412 |
||
| 590 |
_aCONVERSION _b10 _c20130109 _lUCH01 _h1334 |
||
| 650 | 1 | 4 |
_aFisiología vegetal. _941136 |
| 650 | 1 | 4 |
_aPlantas _xMetabolismo. _988858 |
| 650 | 1 | 4 |
_aQuímica vegetal. _993602 |
| 901 | _aBK | ||
| 942 | _cLIBRO | ||
| 949 |
_a581.13 R5y 1971 _bBC _cLIBRO _d-153236 _eLIBRO _fc.3 _i68503 _si |
||
| 949 |
_a581.13 R5y 1971 _bBC _cLIBRO _d33724000512497 _eLIBRO _fc.4 _h51272 _i68503 _si |
||
| 949 |
_a581.13 R5y 1971 _bBC _cLIBRO _d33724000512547 _eLIBRO _fc.5 _h551273 _i68503 _si |
||
| 949 |
_a581.13 R5y 1971 _bBC _cLIBRO _d33724000512778 _eLIBRO _fc.9 _h77309 _i68503 _si |
||
| 949 |
_a581.13 R5y 1971 _bBC _cLIBRO _d33724000643060 _eLIBRO _fc.10 _h77310 _i68503 _si |
||
| 949 |
_a581.13 R5y 1971 _bBC _cLIBRO _d33724000830436 _eLIBRO _h51269 _i68503 _si |
||
| 949 |
_a581.13 R5y 1971 _bBC _cLIBRO _d33724000885091 _eLIBRO _fc.2 _i68503 _si |
||
| 949 |
_a581.13 R5y 1971 _bBC _cLIBRO _d33724000904108 _eLIBRO _fc.6 _h41997 _i68503 _si |
||
| 949 |
_a581.13 R5y 1971 _bBC _cLIBRO _d33724000959821 _eLIBRO _fc.8 _h26732 _i68503 _si |
||
| 949 |
_a581.13 R5y 1971 _bBC _cLIBRO _d33724002204751 _eLIBRO _fc.7 _h91996 _i68503 _si |
||
| 999 |
_c62908 _d62908 |
||